<?xml version="1.0" encoding="UTF-8"?>
<record
    xmlns:xsi="http://www.w3.org/2001/XMLSchema-instance"
    xsi:schemaLocation="http://www.loc.gov/MARC21/slim http://www.loc.gov/standards/marcxml/schema/MARC21slim.xsd"
    xmlns="http://www.loc.gov/MARC21/slim">

  <leader>00843nam a2200241   4500</leader>
  <controlfield tag="001">76172</controlfield>
  <controlfield tag="003">BD-RjUL</controlfield>
  <controlfield tag="005">20211209082813.0</controlfield>
  <controlfield tag="008">191105s2006    ii ||||| |||| 00| 0 ben d</controlfield>
  <datafield tag="020" ind1=" " ind2=" ">
    <subfield code="a">8177565788</subfield>
    <subfield code="c">: IRs. 250.00</subfield>
  </datafield>
  <datafield tag="035" ind1=" " ind2=" ">
    <subfield code="a">(BD-RjUL)76393</subfield>
  </datafield>
  <datafield tag="040" ind1=" " ind2=" ">
    <subfield code="a">BD-RjUL</subfield>
    <subfield code="b">ben/eng</subfield>
    <subfield code="c">BD-RjUL</subfield>
  </datafield>
  <datafield tag="041" ind1=" " ind2=" ">
    <subfield code="a">ben</subfield>
  </datafield>
  <datafield tag="082" ind1=" " ind2=" ">
    <subfield code="2">23</subfield>
    <subfield code="a">891.44108</subfield>
    <subfield code="b">NAK 2006</subfield>
  </datafield>
  <datafield tag="100" ind1="1" ind2=" ">
    <subfield code="a">&#x9A8;&#x9BE;&#x9B8;&#x9B0;&#x9BF;&#x9A8;, &#x9A4;&#x9B8;&#x9B2;&#x9BF;&#x9AE;&#x9BE;</subfield>
    <subfield code="9">220496</subfield>
  </datafield>
  <datafield tag="245" ind1="1" ind2="0">
    <subfield code="a">&#x995;&#x9AC;&#x9BF;&#x9A4;&#x9BE;&#x9B8;&#x9AE;&#x997;&#x9CD;&#x9B0; /</subfield>
    <subfield code="c">&#x9A4;&#x9B8;&#x9B2;&#x9BF;&#x9AE;&#x9BE; &#x9A8;&#x9BE;&#x9B8;&#x9B0;&#x9BF;&#x9A8;</subfield>
  </datafield>
  <datafield tag="250" ind1=" " ind2=" ">
    <subfield code="a">&#x9E7;&#x9AE; &#x9B8;&#x982;.</subfield>
  </datafield>
  <datafield tag="260" ind1=" " ind2=" ">
    <subfield code="a">&#x995;&#x9B2;&#x995;&#x9BE;&#x9A4;&#x9BE;:</subfield>
    <subfield code="b">&#x986;&#x9A8;&#x9A8;&#x9CD;&#x9A6; &#x9AA;&#x9BE;&#x9AC;&#x9B2;&#x9BF;&#x9B0;&#x9CD;&#x9B6;&#x9BE;&#x9B8;, </subfield>
    <subfield code="c">&#x9E8;&#x9E6;&#x9E6;&#x9EC;</subfield>
  </datafield>
  <datafield tag="300" ind1=" " ind2=" ">
    <subfield code="a">&#x9EA;&#x9E9;&#x9E8; &#x9AA;&#x9C3;. ;</subfield>
    <subfield code="c">&#x9E8;&#x9EB; &#x9B8;&#x9C7;&#x9AE;&#x9BF;.</subfield>
  </datafield>
  <datafield tag="650" ind1=" " ind2=" ">
    <subfield code="a">&#x9AC;&#x9BE;&#x982;&#x9B2;&#x9BE; &#x995;&#x9AC;&#x9BF;&#x9A4;&#x9BE;</subfield>
    <subfield code="x">&#x9B8;&#x982;&#x997;&#x9CD;&#x9B0;&#x9B9;</subfield>
    <subfield code="9">234539</subfield>
  </datafield>
  <datafield tag="650" ind1=" " ind2=" ">
    <subfield code="a">Bengali Poetry</subfield>
    <subfield code="v">Collections</subfield>
    <subfield code="9">234540</subfield>
  </datafield>
  <datafield tag="942" ind1=" " ind2=" ">
    <subfield code="2">ddc</subfield>
    <subfield code="c">RAR</subfield>
  </datafield>
  <datafield tag="999" ind1=" " ind2=" ">
    <subfield code="c">76172</subfield>
    <subfield code="d">76172</subfield>
  </datafield>
  <datafield tag="952" ind1=" " ind2=" ">
    <subfield code="0">0</subfield>
    <subfield code="1">0</subfield>
    <subfield code="2">ddc</subfield>
    <subfield code="4">0</subfield>
    <subfield code="7">1</subfield>
    <subfield code="8">RARE</subfield>
    <subfield code="a">RUCL</subfield>
    <subfield code="b">RUCL</subfield>
    <subfield code="c">Rare</subfield>
    <subfield code="d">2013-07-09</subfield>
    <subfield code="e">Dhaka, Space Marketing Comm.</subfield>
    <subfield code="g">250.00</subfield>
    <subfield code="l">0</subfield>
    <subfield code="o">BRA 891.44108 NAK 2006</subfield>
    <subfield code="r">2019-11-05 00:00:00</subfield>
    <subfield code="t">C-1</subfield>
    <subfield code="w">2019-11-05</subfield>
    <subfield code="y">RAR</subfield>
  </datafield>
</record>
